00428nam a2200133Ia 4500001000400000008004100004082001700045100006500062245009400127260002400221590000700245901002700252999001500279920241024s9999 xx 000 0 und d aRD/372/R426t aRepública Dominicana.Secretaría de Estado de Educación 0aTaller de preparación hacia la conformación de la mesa consultiva de primera infancia bSanto Domingoc2008 asi a9/12/2010 1:22:44 p.m. c8565d8565